000 00462nam a2200169Ia 4500
005 20250201095958.0
008 231217s9999 xx 000 0 und d
020 _a9788131725283
082 _a001.642 STA;11
100 _aStallings, William.
245 0 _aOperating systems : Internals and design principles
250 _a6th ed.
260 _c2009
_bPearson Education
_aNew Delhi
300 _axviii, 822
650 _aOperating,Internals
942 _cAA
999 _c184197
_d184197